000 00831nam a2200205Ia 4500
003 LDD
008 190117s9999 xx 000 0 und d
020 _c₹100
040 _cLDD
041 _ahi
082 _a8H3.7 या4668अ
100 _aयादव, राजेन्द्र
245 0 _aअनपढ़ बनाए रखने की साजिश
_cराजेन्द्र यादव
260 _aई दिल्ली |
_bाणी प्रकाशन 1
_c1998
300 _a12 भाग
440 _aाँटे की बात-2
901 _aANI
904 _aReqst by : Parakh, Jawarimal (Dr.)
942 _2ddc
_cH
999 _c167762
_d167762